Základy elektroniky I.

Bibliographic Details
Main Author: Kováčová, Irena, 1958- (Author)
Format: Software eBook
Language:Slovak
PhysicalDescription:1 CD-ROM 12 cm
Published: Košice Technická univerzita v Košiciach 2017
ISBN:9788055326757
Edition:1. vydanie
Subjects:

MARC

LEADER 00000nam a2200000 4500
001 vtls011759965
003 SK-MaSNL
005 20260301183238.0
007 co bg auuua
008 180604s2017 xo | fqnp 000 0 slo
015 |a SNBS2018 
020 |a 9788055326757  |q (elektronická kniha) 
040 |a SNK  |b slo  |c SNK  |e rda 
041 0 |a slo 
044 |a xo  |c SK 
072 7 |a 621.38  |x Elektronika  |2 konspekt 
080 |a 621.38  |2 2011 
080 |a 621.382.2  |2 2011 
080 |a (075.8)  |2 2011 
080 |a (0.034.44)  |2 2011 
100 1 |a Kováčová, Irena,  |d 1958-  |4 aut  |9 207561 
245 1 0 |a Základy elektroniky I.  |c Kováčová Irena 
250 |a 1. vydanie 
264 1 |a Košice  |b Technická univerzita v Košiciach  |c 2017 
300 |a 1 CD-ROM  |c 12 cm 
336 |a text  |b txt  |2 rdacontent 
337 |a počítač  |b c  |2 rdamedia 
338 |a počítačový disk  |b cd  |2 rdacarrier 
347 |a textový súbor  |b PDF  |2 rda 
500 |a Názov z disku 
500 |a Na titulnej obrazovke nad názvom: Technická univerzita v Košiciach, Fakulta elektrotechniky a informatiky 
504 |a Obsahuje bibliografiu 
650 0 7 |a elektronické súčiastky  |2 SNKPH  |9 3922 
650 0 7 |a diódy  |2 SNKPH  |9 70907 
650 0 7 |a Electronic components  |2 SNKPHeng  |9 350745 
650 0 7 |a Diodes  |2 SNKPHeng  |9 454899 
655 7 |a CD-ROM  |2 SNKPH  |9 70236 
655 7 |a učebnice vysokých škôl  |2 SNKPH  |9 70191 
655 7 |a Textbooks (higher)  |2 SNKPHeng  |9 276436 
710 2 |a Technická univerzita v Košiciach.  |b Fakulta elektrotechniky a informatiky  |4 pbl  |9 124217 
919 |a 978-80-553-2675-7 
958 |a NB 
999 |c 856307  |d 858237 
952 |a SNK  |b SNK  |y PREZ  |7 0  |p 17A1331641  |o snkSCDM 9937/1  |i snk2018/12075  |8 0  |0 0  |1 0  |4 0  |d 2018-06-04  |l 0  |r 2026-02-24 04:57:04  |w 2026-02-24